Missing Word: Anagrammed Song Pairs Quiz Stats

Quiz Updated Jun 28, 2016

Challenge
Share
Tweet
Embed
Score 0/26 Timer 03:00
2 Plays Today
Song Word % Correct
If I _____ Turn Back Time (Cher)Could
95.2%
Twist and _____ (The Beatles)Shout
94.6%
You Shook Me All ____ Long (AC/DC)Night
93.9%
Crazy Little _____ Called Love (Queen)Thing
93.6%
Sight for ____ Eyes (Aerosmith)Sore
90.9%
_____ Times a Lady (The Commodores)Three
89.6%
Kiss from a ____ (Seal)Rose
89.4%
My ____ is Jonas (Weezer)Name
87.2%
Un-_____ My Heart (Toni Braxton)Break
85.3%
I'm in the ____ for Love (Frank Sinatra)Mood
82.6%
Let _____ Be Rock (AC/DC)There
82.5%
Get Off of My _____ (The Rolling Stones)Cloud
80.6%
What Do You ____? (Justin Bieber)Mean
80.5%
Song Word % Correct
_____ of the Border (Robbie Williams)South
79%
______ Zone (Kenny Loggins)Danger
74.8%
Hand of ____ (Black Sabbath)Doom
71.4%
Octopus's ______ (The Beatles)Garden
66.4%
_____ _____ Me (The Beatles)Please
60.7%
_____ Street (Gerry Rafferty)Baker
58.1%
_____ at the Wheel (The Wallflowers)Asleep
52.6%
Wherever I May ____ (Metallica)Roam
41%
______ to Your Heart (Roxette)Listen
37.9%
____ Prohibido (Selena)Amor
31%
______ All These Years (Tori Amos)Silent
23.2%
_____ the Servants (Nirvana)Serve
18%
_____ Chorus _____ (Nirvana)Verse
16.4%

Today's Daily Dose

You're not logged in!

Compare scores with friends on all Sporcle quizzes.
Sign Up with Email
OR
Log In

You Might Also Like...

Show Comments

Extras

Top Quizzes Today


Score Distribution

Your Account Isn't Verified!

In order to create a playlist on Sporcle, you need to verify the email address you used during registration. Go to your Sporcle Settings to finish the process.